| 000 | 01711nam a2200409 a 4500 | ||
|---|---|---|---|
| 001 | 000022583 | ||
| 003 | DO-SdBNP | ||
| 005 | 20230706103811.0 | ||
| 008 | 101013s1998 dr 000 0 spa d | ||
| 020 | _a8489539871 | ||
| 040 |
_aDO-SdBNP _bspa _cBPMSU |
||
| 082 | 4 |
_a306.362097293 _bL333n, 1998 _222 |
|
| 100 | 1 |
_aLarrazábal Blanco, Carlos, _d1894-1989 |
|
| 245 | 1 | 4 |
_aLos negros y la esclavitud en Santo Domingo / _cCarlos Larrazábal Blanco ; prólogo Franklin Franco Pichardo. |
| 250 | _a2a ed. | ||
| 260 |
_aSanto Domingo : _bLibrería la Trinitaria, _c1998. |
||
| 300 |
_a199 p. ; _c25 cm. |
||
| 504 | _aBibliografía : p. 195-199 | ||
| 505 | 0 | _aNotación preliminar-- La introducción de esclavos y sus incidencias -- Procedencia, castas, denominaciones, culturas-- Los negros a través de las ordenanzas locales y de las cédulas reales-- La Iglesia -- Alzamientos y rebeliones -- Los negros fugitivos de accidente -- Tres siglos de vinculación negra. | |
| 590 | _aInventariado, 2023/VM | ||
| 650 | 4 |
_aEsclavitud en República Dominicana _xHistoria |
|
| 650 | 4 |
_aEsclavitud e iglesia _xHistoria |
|
| 650 | 4 | _aTrata de esclavos | |
| 650 | 4 |
_aNegros _xVida social y costumbres |
|
| 650 | 4 |
_aNegros _zRepública Dominicana _xHistoria |
|
| 650 | 4 | _aAbolición de la esclavitud | |
| 651 | 4 |
_aRepública Dominicana _xHistoria |
|
| 700 | 1 |
_aFranco, Franklin J. _d1936- _epról. |
|
| 700 | z | _a Franco Pichardo, Franklin J. | |
| 700 | z | _aPichardo, Franklin J. Franco | |
| 700 | z | _a Franco, Franklin | |
| 700 | z | _a Franco, Franklyn | |
| 700 | z | _aFranco, Franklyn J. | |
| 700 | z |
_a Franco P., Franklin _q (Franco Pichardo) |
|
| 910 | _aVMateo V. Control de calidad (BPMSU) | ||
| 942 |
_2ddc _cBK |
||
| 999 |
_c14405 _d14405 |
||